000 00642nam a2200229Ia 4500
003 OSt
005 20221007075148.0
006 a|||||r|||| 00| 0
007 ta
008 221006b |||||||| |||| 00| 0 eng d
024 _a16,208
037 _cTextual
040 _aFLL
_cFLL
_beng
041 _2eng
_aeng
082 _aX8(J).1(Y:4).N7, L8
100 _aYawer Duraid
_9129372
245 0 _aRural industrialization for developing countries
260 _aNew Delhi
_bChetana Publications India
_c1978
300 _a220p
_ccm.
942 _hX8(J).1(Y:4).N7, L8
_cTEXL
_2CC
999 _c1155033
_d1155033